Transfery Rakowa w zimowym okienku transferowym 2020/2021. - Statystyki

Ogólne statystyki
  • Ten quiz został rozwiązany 23 razy
  • Średni wynik to 5 z 7
Statystyki odpowiedzi
Cena Pozycja Poprzedni klub Piłkarz % Poprawnych
Wypożyczenie Środkowy obrońca Crystal Palace Jach
91%
? Środkowy napastnik Lechia Gdańsk Arak
77%
350 tys Środkowy pomocnik Korona Kielce Kaczmarski
77%
? Lewy napastnik Cracovia Wdowiak
77%
Wypożyczenie Bramkarz Sparta Praga Holec
73%
Wypożyczenie Środkowy obrońca Jagiellonia Białystok Arsenic
59%
45 tys Prawy napastnik Korona Kielce Długosz
50%
Nie znaleziono quizów pasujących do podanych kryteriów
Rozkład punktacji
Procent ludzi z każdym wynikiem
Percentyl według liczby udzielonych odpowiedzi
Twoja historia wyników
Nie rozwiązałeś tego quizu